[Event "Olympiad Women-41"]
[Site "Tromsoe"]
[Date "2014.08.08"]
[Round "6.3"]
[White "Dos Ramos, Rosangela"]
[Black "Zengeni, Paidaishe"]
[Result "1-0"]
[WhiteElo "1723"]
[BlackElo "1678"]
[PlyCount "78"]
[EventDate "2014.08.02"]
[EventType "team-swiss"]
[EventRounds "11"]
[EventCountry "NOR"]
[SourceTitle "CBM 162"]
[Source "ChessBase"]
[SourceDate "2014.09.17"]
[SourceVersion "1"]
[SourceVersionDate "2014.09.17"]
[SourceQuality "1"]
[WhiteTeam "Surinam (W)"]
[BlackTeam "Zimbabwe (W)"]
[WhiteTeamCountry "SUR"]
[BlackTeamCountry "ZIM"]

1. e4 c5 2. Nf3 e6 3. d3 Nc6 4. g3 d6 5. Bg2 Nf6 6. 0-0 d5 7. Nbd2 a6 8. Re1 b5 9. exd5 Nxd5 10. Ne5 Bb7 11. Ndf3 Be7 12. Nxc6 Bxc6 13. Ne5 Bd7 14. c4 Nb6 15. Bxa8 Qxa8 16. Nxd7 Nxd7 17. cxb5 axb5 18. Bd2 0-0 19. a4 b4 20. Bf4 Bf6 21. Rb1 Nb6 22. b3 Nd5 23. Qf3 Bc3 24. Red1 Rd8 25. Be3 Bd4 26. Bxd4 cxd4 27. Rbc1 Nc3 28. Qxa8 Rxa8 29. Re1 Re8 30. f4 f6 31. a5 Kf7 32. Ra1 Ra8 33. a6 Ra7 34. Ra5 Ke7 35. Kf2 Kd6 36. Kf3 Ke7 37. h3 Kd6 38. g4 g6 39. h4 h6 1-0

[Event "Olympiad Women-41"]
[Site "Tromsoe"]
[Date "2014.08.06"]
[Round "5.2"]
[White "Dos Ramos, Rosangela"]
[Black "Fuad Kamel Jamaliah, Natalie"]
[Result "0-1"]
[WhiteElo "1723"]
[BlackElo "2003"]
[PlyCount "86"]
[EventDate "2014.08.02"]
[EventType "team-swiss"]
[EventRounds "11"]
[EventCountry "NOR"]
[SourceTitle "CBM 162"]
[Source "ChessBase"]
[SourceDate "2014.09.17"]
[SourceVersion "1"]
[SourceVersionDate "2014.09.17"]
[SourceQuality "1"]
[WhiteTeam "Surinam (W)"]
[BlackTeam "Jordan (W)"]
[WhiteTeamCountry "SUR"]
[BlackTeamCountry "JOR"]

1. Nf3 d5 2. g3 Nf6 3. Bg2 Bf5 4. 0-0 e6 5. d3 Bc5 6. Nbd2 0-0 7. h3 c6 8. c3 Nbd7 9. b4 Bb6 10. Nh4 Bg6 11. Kh2 Nh5 12. c4 Bc7 13. Nxg6 hxg6 14. Nf3 Ne5 15. c5 Qb8 16. Qe1 a5 17. Bd2 a4 18. a3 Nd7 19. Ng5 Re8 20. e4 f6 21. Nf3 g5 22. Nd4 g6 23. Ne2 Ne5 24. Qb1 dxe4 25. dxe4 g4 26. Nf4 Nxf4 27. Bxf4 gxh3 28. Bxh3 Nf3+ 29. Kg2 Nh4+ 30. gxh4 Bxf4 31. Qa2 Qe5 32. Qe2 Kf7 33. Bg4 Rh8 34. Rh1 Rad8 35. Ra2 Rd4 36. f3 Rhd8 37. Kf1 Rd1+ 38. Kg2 R1d2 39. Rxd2 Rxd2 40. Qxd2 Bxd2 41. h5 gxh5 42. Rxh5 Qb2 43. Kh3 Bf4 0-1